| 000 | 00856nam a22002177a 4500 | ||
|---|---|---|---|
| 999 |
_c5983 _d5983 |
||
| 003 | AR-CdUCM | ||
| 008 | 190313b ||||| |||| 00| 0 spa d | ||
| 040 |
_aMUNICIPALIDAD PROVINCIAL DEL CUSCO _cBIBLIOTECA MUNICIPAL DEL CUSCO |
||
| 041 | _heng | ||
| 082 |
_a111 / _bR25 |
||
| 100 |
_aRapaport, David _917526 |
||
| 245 | _aHacia una teoría del pensamiento / | ||
| 260 |
_aBuenos Aires : _bEscuela, _c2004. |
||
| 300 |
_a112 páginas ; _c18 cm. |
||
| 505 | _aContenido: El modelo primario de la acción -- El modelo primario del pensamiento -- El modelo primario del afecto -- Ideas y carga afectivas los cimienzos de la estructura -- La estructura psíquica primaria ... | ||
| 650 |
_aProcesos del pensamiento _917527 |
||
| 650 |
_aTeoría psicoanalítica _917528 |
||
| 650 |
_aOrganización impulsiva _917529 |
||
| 942 |
_2ddc _cLIBROS |
||
| 945 | _aachl | ||